00000000nam 2200000zi 4500
0019.954269
003CaOODSP
00520250820110104
006m     o  d f      
007cr mn ||||||||
008250819e20241016oncd    obs  f000 0 fre d
040 |aCaOODSP|bfre|erda|cCaOODSP
043 |an-cn---
0861 |aCS82-003/2024-10-3F-PDF
1001 |aKerr, Stacie, |eauteur.
24510|aServices de garde pour les jeunes enfants ayant une incapacité / |cpar Stacie Kerr, Leanne Findlay, et Rubab Arim.
264 1|a[Ottawa] : |bStatistique Canada = Statistics Canada, |cle 16 octobre 2024.
264 4|c©2024
300 |a1 ressource en ligne (pages 29-40) : |bgraphique.
336 |atexte|btxt|2rdacontent/fre
337 |ainformatique|bc|2rdamedia/fre
338 |aressource en ligne|bcr|2rdacarrier/fre
4901 |aRapports sur la santé, |x1209-1375 ; |vvol. 35, no. 10, [3]
500 |aPublié aussi en anglais sous le titre : Child care for young children with disabilities.
504 |aComprend des références bibliographiques (pages 39-40).
520 |a« Plus de la moitié (56 %) des enfants canadiens âgés de 0 à 5 ans sont confiés à des services de garde non parentaux; cependant, les données sur l’utilisation des services de garde sont limitées en ce qui concerne les enfants ayant une incapacité. La présente étude permet d’examiner l’utilisation des services de garde d’enfants chez les jeunes enfants ayant une incapacité au Canada, en mettant l’accent sur différents types d’incapacité » -- Page 29.
650 6|aEnfants|xSoins|zCanada|vStatistiques.
650 6|aEnfants handicapés|xSoins|zCanada|vStatistiques.
650 6|aEnfants handicapés|zCanada|vStatistiques.
655 7|aStatistiques|2rvmgf
7102 |aStatistique Canada, |eorganisme de publication.
77508|tChild care for young children with disabilities / |w(CaOODSP)9.954256
830#0|aRapports sur la santé (Collection)|x1209-1375 ; |vvol. 35, no. 10, [3].|w(CaOODSP)9.950257
85640|qPDF|s575 Ko|uhttps://publications.gc.ca/collections/collection_2025/statcan/82-003-x/CS82-003-2024-10-3-fra.pdf
85641|qHTML|sS.O.|uhttps://www150.statcan.gc.ca/n1/pub/82-003-x/2024010/article/00003-fra.htm